MARC details
| 000 -CABECERA |
| campo de control de longitud fija |
01111nam a2200265 a 4500 |
| 001 - NÚMERO DE CONTROL |
| campo de control |
000040760 |
| 005 - FECHA Y HORA DE LA ÚLTIMA TRANSACCIÓN |
| campo de control |
20240305130443.0 |
| 008 - DATOS DE LONGITUD FIJA--INFORMACIÓN GENERAL |
| campo de control de longitud fija |
130906s2013 ve 001 0 spa d |
| 020 ## - NÚMERO INTERNACIONAL ESTÁNDAR DEL LIBRO |
| Número Internacional Estándar del Libro |
9789807364140 |
| 040 ## - FUENTE DE LA CATALOGACIÓN |
| Centro catalogador/agencia de origen |
DO-SdBNP |
| Lengua de catalogación |
spa |
| Centro/agencia transcriptor |
BNPHU |
| 082 ## - NÚMERO DE LA CLASIFICACIÓN DECIMAL DEWEY |
| Número de clasificación |
335.5 |
| Número de documento/Ítem |
I73r, 2013 |
| 100 1# - ENTRADA PRINCIPAL--NOMBRE DE PERSONA |
| Nombre de persona |
Isa Conde, Narciso, |
| Fechas asociadas al nombre |
1942- |
| 9 (RLIN) |
12387 |
| 245 10 - MENCIÓN DE TÍTULO |
| Título |
Rearmando la utopía : |
| Resto del título |
del neoliberalismo global al nuevo socialismo / |
| Mención de responsabilidad, etc. |
Narciso Isa Conde ; prólogo Carlos Luis Rivero. |
| 260 ## - PUBLICACIÓN, DISTRIBUCIÓN, ETC. |
| Lugar de publicación, distribución, etc. |
Caracas, Venezuela : |
| Nombre del editor, distribuidor, etc. |
Trinchera, |
| Fecha de publicación, distribución, etc. |
2013. |
| 300 ## - DESCRIPCIÓN FÍSICA |
| Extensión |
482, [12] p. : |
| Otras características físicas |
il. ; |
| Dimensiones |
21 cm. |
| 504 ## - NOTA DE BIBLIOGRAFÍA, ETC. |
| Nota de bibliografía, etc. |
Bibliografía : p.483-494 |
| 590 ## - NOTA LOCAL (RLIN) |
| Nota local |
La biblioteca posee 2 ejemplares autografiados por el autor. |
| 590 ## - NOTA LOCAL (RLIN) |
| Nota local |
Inventariado, 2018/LP |
| 650 #4 - PUNTO DE ACCESO ADICIONAL DE MATERIA--TÉRMINO DE MATERIA |
| Término de materia o nombre geográfico como elemento de entrada |
Socialismo y sociedad |
| Subdivisión general |
Ensayos, conferencias, etc. |
| 9 (RLIN) |
12388 |
| 650 #4 - PUNTO DE ACCESO ADICIONAL DE MATERIA--TÉRMINO DE MATERIA |
| Término de materia o nombre geográfico como elemento de entrada |
Neoliberalismo |
| Subdivisión general |
Ensayos, conferencias, etc. |
| 9 (RLIN) |
12389 |
| 650 #4 - PUNTO DE ACCESO ADICIONAL DE MATERIA--TÉRMINO DE MATERIA |
| Término de materia o nombre geográfico como elemento de entrada |
Formas de gobierno |
| Subdivisión general |
Ensayos, conferencias, etc. |
| 9 (RLIN) |
12390 |
| 650 #4 - PUNTO DE ACCESO ADICIONAL DE MATERIA--TÉRMINO DE MATERIA |
| Término de materia o nombre geográfico como elemento de entrada |
Sistemas políticos |
| Subdivisión general |
Historia |
| Subdivisión cronológica |
SIGLO XX |
| Subdivisión general |
Ensayos, conferencias, etc. |
| 9 (RLIN) |
12391 |
| 700 1# - PUNTO DE ACCESO ADICIONAL--NOMBRE DE PERSONA |
| Nombre de persona |
Rivero, Carlos Luis, |
| Término indicativo de función/relación |
prol. |
| 9 (RLIN) |
67164 |
| 910 ## - DATOS DE OPCIÓN DEL USUARIO (OCLC) |
| Datos de opción del usuario |
Validado. Control de calidad EMS |